000 00617nam a2200229 i 4500
001 bgj
100 1 _aMELCHINGER, Siegfrid.
245 1 0 _aTheater der Gegenwart /
_cSiegfrid Melchinger.
260 _aFrankfurt am Main ;
_aHamburg :
_bFischer Bücherei,
_c1956.
300 _a220, [1] s. ;
_c18 cm.
490 1 _aFischer Bücherei
_pBücher des Wissens
_v118
504 _aIndeks.
650 9 _aSztuka
650 9 _aTeatr
830 _aFischer Bücherei
_pBücher des Wissens
040 _cBPK
041 0 _ager
044 _aDEU
080 _a7
942 _cKS
008 s gw f |000 0 ger
999 _c50955
_d50955
856 _uhttp://koha.tu.koszalin.pl/cgi-bin/koha/opac-detail.pl?biblionumber=50955
_yKatalog online BPK